01126nam a2200241Ia 4500003000400000005001700004008004100021020001500062020001800077040000900095082001700104100002800121245005100149260005100200300000900251650001200260942004000272952013500312952015000447952013500597952013500732999001700867OSt20200908125435.0190216s9999||||xx |||||||||||||| ||und|| a0070992495 a9780070992498 coclc a539.7bCOH/C aCohen, Bernard L 94495 0aConcepts Of Nuclear Physics /cBernard L Cohen bTata Mcgrawhill Publishers,c2001.aNew Delhi: a435p aPhysics cBK2ddch539.7iCOH/Ck539.7mCOH/C 00102ddc40708PHYSICSaMESbMEScPHYd2019-02-20g175.00l0o539.7 COH/Cp26435r2019-02-20 00:00:00t1w2019-02-20yBKzGL14R1 00102ddc40708PHYSICSaMESbMEScPHYd2019-02-20g175.00l1m3o539.7 COH/Cp26436r2019-12-03 00:00:00s2019-10-17t2w2019-02-20yBKzGL14R1 00102ddc40708PHYSICSaMESbMEScPHYd2019-02-20g175.00l0o539.7 COH/Cp26821r2019-02-20 00:00:00t3w2019-02-20yBKzGL14R1 00102ddc40708PHYSICSaMESbMEScPHYd2019-02-20g295.00l0o539.7 COH/Cp34383r2019-02-20 00:00:00t4w2019-02-20yBKzGL14R1 c33696d33696